Tribhuvan University Central Library

Performance evaluation and customer satisfaction of Nabil bank limited .: A case study of Lalitpur Branch. (Record no. 69304)

MARC details
000 -LEADER
fixed length control field 00478 a2200157 4500
041 ## - LANGUAGE CODE
Language code of text/sound track or separate title Eng
082 ## - DEWEY DECIMAL CLASSIFICATION NUMBER
Classification number CD8734
100 ## - MAIN ENTRY--PERSONAL NAME
Personal name Pokhrel, Anisha
245 ## - TITLE STATEMENT
Title Performance evaluation and customer satisfaction of Nabil bank limited .: A case study of Lalitpur Branch.
260 ## - PUBLICATION, DISTRIBUTION, ETC. (IMPRINT)
Place of publication, distribution, etc Kathmandu:
Date of publication, distribution, etc 2010
502 ## - DISSERTATION NOTE
Dissertation note Dissertation
Degree type Degree in Management
Name of granting institution Shankar Dev Campus
650 ## - SUBJECT ADDED ENTRY--TOPICAL TERM
Topical term or geographic name as entry element Commercial bank
650 ## - SUBJECT ADDED ENTRY--TOPICAL TERM
Topical term or geographic name as entry element Costomer service
653 ## - INDEX TERM--UNCONTROLLED
Uncontrolled term Banks & banking
942 ## - ADDED ENTRY ELEMENTS (KOHA)
Source of classification or shelving scheme Dewey Decimal Classification
Koha item type Audio Visual Materials
Holdings
Withdrawn status Lost status Source of classification or shelving scheme Damaged status Not for loan Home library Current library Date acquired Total Checkouts Full call number Barcode Date last seen Price effective from Koha item type
    Dewey Decimal Classification     Tribhuvan University Central Library Tribhuvan University Central Library 04/09/2014   CD8734 A8682 04/09/2014 04/09/2014 Audio Visual Materials